Making out in Thai

Đã lưu trong:
书目详细资料
主要作者: Clewley, John
格式: 图书
语言:Undetermined
出版: Thành phố Hồ Chí Minh Trẻ 2003
主题:
标签: 添加标签
没有标签, 成为第一个标记此记录!
Thư viện lưu trữ: Trung tâm Học liệu Trường Đại học Cần Thơ
LEADER 00475nam a2200181Ia 4500
001 CTU_93662
008 210402s9999 xx 000 0 und d
082 |a 495.91 
082 |b C635 
100 |a Clewley, John 
245 0 |a Making out in Thai 
245 0 |c John Clewley 
260 |a Thành phố Hồ Chí Minh 
260 |b Trẻ 
260 |c 2003 
650 |a Thailand language 
904 |i Tuyến 
980 |a Trung tâm Học liệu Trường Đại học Cần Thơ